| 000 | 00546nam a2200181Ia 4500 | ||
|---|---|---|---|
| 003 | GCL | ||
| 008 | 140319s9999 xx 000 0 ara d | ||
| 040 |
_aGCL / _cGCL |
||
| 082 | 0 | 4 |
_a808.84 _bا ا |
| 100 | 1 | _aابراهيم العربى | |
| 245 | 1 | 0 |
_aانحلال وسقوط هوليود (هدية من الاديب عفبدالفتاح الجمل) / _cابراهيم العربى |
| 700 | 1 | _aجودمان، ا | |
| 300 | _a78 ص | ||
| 490 | _a | ||
| 650 | 0 | 4 | _aالادب |
| 650 | 0 | 4 | _aالمقالات - مجموعات |
| 942 |
_2ddc _cBK |
||
| 999 |
_c41056 _d41056 |
||